| 000 | 00429nam a22001457a 4500 | ||
|---|---|---|---|
| 022 | _a81-204-0457-2 | ||
| 082 |
_a624.068 _bDHA _cL-14,P-178 |
||
| 100 |
_aDharwadker, P.P _936887 |
||
| 245 | _aConstruction Management | ||
| 260 |
_aNew Dehli,: _bOxford & IBH Publishing Co, _cc1989. |
||
| 300 |
_aix, 271p.: _c08cm. |
||
| 526 |
_a0 _b0 _c0 _d624_068000000000000_DHA |
||
| 526 |
_a0 _b0 _c0 _d624_068000000000000_DHA |
||
| 942 |
_2ddc _cBK |
||
| 999 |
_c541832 _d541832 |
||